000
00315nam a2200121Ia 4500
008
190216s9999||||xx |||||||||||||| ||und||
100
_a
Naimuddin Siddiqui M
245
2
_a
A Selection Of Short Stories
260
_b
Mac Millian And Com. Ltd
_c
1965
300
_a
138p
650
_a
English Short Stories
942
_c
BK
999
_c
11701
_d
11701